000 00550ntaaa2200193 4500
003 01
005 20251027201350.0
008 0714s1973 ag 01
040 _aAR-BaBN
_bspa
_cAR-BaBN
_eaacr
_dRIC
082 _a225.0100 G62
100 _aGoodspeed, Edgar J.
_99199
245 _aThe story of the New Testament
250 _a1 ed.
260 _aChicago :
_bThe University of Chicago Press,
_cc1916, 1961
300 _axi, 160 p.
500 _aIntroducción al Nuevo Testamento
650 _aBiblia-Nuevo Testamento-Introducción
_9197
942 _cBK
999 _c8180
_d8180